Сборник Курбского. Т. 1 (Запись № 1079714)

Подробности
000 -МАРКЕР
контрольное поле 01031nam2a2200289 4500
001 - ИДЕНТИФИКАТОР ЗАПИСИ
контрольное поле RU\NLR\bibl\1385233
005 - ИДЕНТИФИКАТОР ВЕРСИИ
контрольное поле 20250615194704.0
010 ## - МЕЖДУНАРОДНЫЙ СТАНДАРТНЫЙ НОМЕР КНИГИ (ISBN)
Номер (ISBN) 978-5-9551-0305-1
021 ## - НОМЕР ГОСУДАРСТВЕННОЙ РЕГИСТРАЦИИ
Код страны Российская Федерация
Номер 2009-33266
Номер Листа государственной регистраци 2004
035 ## - ДРУГИЕ СИСТЕМНЫЕ НОМЕРА
Идентификатор записи (NLR Aleph) 001377301
100 ## - ДАННЫЕ ОБЩЕЙ ОБРАБОТКИ
Данные общей обработки 20090423d2009 |||y0rusy50 ca
101 0# - ЯЗЫК РЕСУРСА
Язык текста, звукозаписи и т.д. русский
102 ## - СТРАНА ПУБЛИКАЦИИ ИЛИ ПРОИЗВОДСТВА
Страна публикации Российская Федерация
105 ## - ПОЛЕ КОДИРОВАННЫХ ДАННЫХ: ТЕКСТОВЫЕ МАТЕРИАЛЫ, МОНОГРАФИЧЕСКИЕ
Кодированные данные о монографическом текстовом документе y |||||||||
200 0# - ЗАГЛАВИЕ И СВЕДЕНИЯ ОБ ОТВЕТСТВЕННОСТИ
Основное заглавие Т. 1
210 ## - ПУБЛИКАЦИЯ, РАСПРОСТРАНЕНИЕ И ДР.
Дата издания, распространения и т.д. 2009
Место издания, распространения и т.д. Б. м.
215 ## - ФИЗИЧЕСКАЯ ХАРАКТЕРИСТИКА
Специфическое обозначение материала и объем 881 с.
320 ## - ПРИМЕЧАНИЯ О НАЛИЧИИ В ДОКУМЕНТЕ БИБЛИОГРАФИИ / УКАЗАТЕЛЯ
Текст примечания Библиогр.: с. 835-871
461 #0 - УРОВЕНЬ НАБОРА
Встроенное поле 001RU\NLR\bibl\1504082
-- 2001#$aСборник Курбского$vТ. 1
Системный номер (АБИС) связанной записи 1783962
Автор Ерусалимский, К. Ю.
Место публикации Москва
Дата публикации 2009
Первые сведения об ответственности К.Ю. Ерусалимский
Имя издателя, распространителя и т.д. Знак
Сведения, относящиеся к заглавию исследование книжной культуры
Заглавие Сборник Курбского
Номер тома Т. 1
606 1# - НАИМЕНОВАНИЕ ТЕМЫ КАК ПРЕДМЕТ
Наименование темы Рукописные книги
Географический подзаголовок Россия
Системный номер авторитетной/нормативной записи 1796415
Идентификатор авторитетной/нормативной записи RU\NLR\auth\66808961
686 ## - ИНДЕКСЫ ДРУГИХ КЛАССИФИКАЦИЙ
Индекс Ч611.53(2)
801 #0 - ИСТОЧНИК ЗАПИСИ
Страна Российская Федерация
Организация NLR
Дата составления 20090423
Правила каталогизации RCR
801 #1 - ИСТОЧНИК ЗАПИСИ
Страна Российская Федерация
Организация NLR
Дата составления 20090423
942 ## - ДОПОЛНИТЕЛЬНЫЕ ЭЛЕМЕНТЫ ЗАПИСИ (АБИС)
Тип экземпляра АБИС Книга
980 ## - КОЛЛЕКЦИЯ
Название коллекции Национальная библиография
Экземпляры
Тип экземпляра Дата поступления Источник поступления Библиотека постоянного хранения Библиотека текущего хранения Место хранения Шифр хранения Штрих-код Статус экземпляра Стоимость
Книга 22.06.2009 Обязательный экземпляр РНБ (Московский) РНБ (Московский) Русский книжный фонд: издания с 1957 года 2009-7/3781 1-439392    
Книга 22.06.2009 Обязательный экземпляр РНБ (Московский) РНБ (Московский) Русский книжный фонд: издания с 1957 года 2009-7/3781 2947190    
Книга 05.08.2009 Контрольный экземпляр из типографии РНБ (Московский) РНБ (Московский) Фонд общего зала литературы по филологии, педагогике и искусству (гуманитарной литературы) Л1 Ш5(2=Р)3-331.22/Е-793 1-258391   0.00
Книга 28.04.2010 Покупка РНБ (Московский) РНБ (Московский) Обменный фонд   1-4329090   550.00
Книга 28.04.2010 Покупка РНБ (Московский) РНБ (Московский) Обменный фонд, без заказа   3162152   880.00
Книга 28.04.2010 Покупка РНБ (Московский) РНБ (Московский) Обменный фонд, без заказа   3162153   880.00
Книга 28.04.2010 Покупка РНБ (Московский) РНБ (Московский) Обменный фонд, без заказа   3162154   880.00
Книга 15.02.2011 Контрольный экземпляр из типографии РНБ (Московский) РНБ (Московский) Выбыл из РНБ в другие организации (Обменный фонд)   3357090    
Книга 28.03.2019 Покупка РНБ (Московский) РНБ (Московский) Обменный фонд обм 2023/112 1-2642943 Доставлен в Фoнд  
Книга 10.09.2024 Дар РНБ (Московский) РНБ (Московский) Обменный фонд   1-4407831   650.00
Книга 05.08.2009 Контрольный экземпляр из типографии РНБ (Садовая) РНБ (Садовая) Универсальный читальный зал У Ч611/Е-793 1-164638    
Книга 25.09.2009 Покупка РНБ (Садовая) РНБ (Садовая) Фонд рукописей, подсобный   3002034   880.00